Hartland (Record no. 116603)

MARC details
000 -LEADER
fixed length control field 00299pam a2200133 a 4500
020 ## - INTERNATIONAL STANDARD BOOK NUMBER
Terms of availability
041 ## - LANGUAGE CODE
Language code of original
082 ## - DEWEY DECIMAL CLASSIFICATION NUMBER
Classification number 917.79999999999995
Item number SCO
100 ## - MAIN ENTRY--PERSONAL NAME
Personal name Scott,M.C.
245 ## - TITLE STATEMENT
Title Hartland
Medium Textual Documents
260 ## - PUBLICATION, DISTRIBUTION, ETC.
Place of publication, distribution, etc. New York
Name of publisher, distributor, etc. John Wiley And Sons
Date of publication, distribution, etc. 2001
300 ## - PHYSICAL DESCRIPTION
Extent XIV/209
930 ## - EQUIVALENCE OR CROSS-REFERENCE-UNIFORM TITLE HEADING [LOCAL, CANADA]
Uniform title 9778
Holdings
Withdrawn status Lost status Damaged status Not for loan Collection Home library Current library Shelving location Date acquired Source of acquisition Cost, normal purchase price Total Checkouts Full call number Barcode Date last seen Date last checked out Copy number Price effective from Koha item type
          Abhijit Kadam Institute of Management & Social Science, Solapur Abhijit Kadam Institute of Management & Social Science, Solapur   13/09/2011 Bharati Madhyavarti Sahakari Grahakbhandar Limited 1195.00 1 917.79999999999995 SCO AKS-M-10700 10/03/2025 01/03/2025 1 01/03/2023 Book